| 000 | 00599nam a2200181Ia 4500 | ||
|---|---|---|---|
| 008 | 220531s9999 xx 000 0 und d | ||
| 041 | _amar | ||
| 082 | _bBIR | ||
| 100 |
_aबिरारी ,व्ही . पी. आणि इतर _974106 |
||
| 245 | _aछत्रपती शिवाजी आणि त्यांचा कालखंड (इतिहास) (G-1) | ||
| 250 | _a1ST | ||
| 260 |
_aPune _bSuccess _c2018 |
||
| 300 | _a10.16 | ||
| 542 | _d09-10-2018 | ||
| 650 |
_aHistory _974107 |
||
| 906 |
_cF.Y.B.A. _d2018-2019 _eElantas Beck Co. _f15359 |
||
| 999 |
_c41282 _d41282 |
||